| 000 | 00447nam a22001457a 4500 | ||
|---|---|---|---|
| 005 | 20170828162805.0 | ||
| 020 |
_a8174871721 _c00.00 |
||
| 035 | _aB-059407 | ||
| 037 |
_aDPL _bENG |
||
| 100 | _aMohapatra, Arun Ray | ||
| 245 |
_aPublic interest litigation and human rights in India / _cby Arun Ray Mohapatra |
||
| 260 |
_aNew Delhi _bRadha Publications _c2001 |
||
| 300 |
_axiii, 216p. _c18 cms. |
||
| 942 |
_2ddc _cEN _h323.0954 _mRAY |
||
| 999 |
_c65978 _d65978 |
||